000 00482nam a22001697a 4500
005 20250107102539.0
008 250107b ||||| |||| 00| 0 eng d
040 _cAL
041 _aEnglish
082 _223
_a348.04
_bCHAA
100 _aJagjith Singh Chawla
_9192413
245 _aAll India Criminal Law Reporter: Vol 28 1995(2)
260 _aChandigarh
_bAll India Criminal Law Reporter
_c1995
300 _bHB
_c24x16 cm.
650 _aCriminal law
_9192414
942 _2ddc
_cBI
999 _c233532
_d233532